00786nam a2200217Ia 4500003000900000008004100009020001800050040001600068080002100084245011300105260006100218300001700279490003300296650004100329650001000370700003000380700002900410942000700439999001700446952010500463IN-BaIIA211028s9999 xx 000 0 eng d a0-937707-59-7 cIIA Library a082.2:52bASP-40 0aInside the starscedited by W. W. Weiss and Baglin, Annie  aSan FranciscobAstronomical Society of the Pacificc1992 axxvii, 822p. aASP conference series; v. 40 aAstronomy and astrophysics thesaurus aStars aBaglin, Annie, ed.918738 aWeiss, W. W., ed.918739 cBK c10965d10965 00104070aBANbBANcGENd1994-03-17l0o082.2:52/ ASP-40p11878r2021-11-05w1994-03-17yBK 40.00